[Event "Quebec-ch"]
[Site "Montreal"]
[Date "2019.03.22"]
[Round "1.2"]
[White "Beaulieu, Eric"]
[Black "Rodrigue Lemieux, Shawn"]
[Result "0-1"]
[WhiteElo "2157"]
[BlackElo "2296"]
[PlyCount "92"]
[EventDate "2019.01.21"]
[EventType "k.o."]
[EventRounds "4"]
[EventCountry "CAN"]
[SourceTitle "CBM 189 Extra"]
[Source "ChessBase"]
[SourceDate "2019.05.31"]
[SourceVersion "1"]
[SourceVersionDate "2019.05.31"]
[SourceQuality "1"]

1. d4 Nf6 2. c4 e6 3. g3 Be7 4. Bg2 0-0 5. Nf3 b6 6. 0-0 Bb7 7. Nc3 Ne4 8. Qc2 Nxc3 9. Qxc3 f5 10. Rd1 Bf6 11. Qc2 Be4 12. Qa4 Qc8 13. Bg5 c5 14. Bxf6 Rxf6 15. d5 exd5 16. cxd5 d6 17. Bh3 Bxf3 18. exf3 Qd7 19. Qc4 Qf7 20. f4 Nc6 21. Bg2 Nd4 22. a4 Qd7 23. b4 Rff8 24. bxc5 bxc5 25. Rab1 Rab8 26. Qa6 Rfe8 27. Bf1 Qe7 28. Bd3 h6 29. Kg2 Qc7 30. h4 Kh7 31. Rdc1 Red8 32. Re1 Qf7 33. Qc4 Qh5 34. Re3 Rxb1 35. Bxb1 Rb8 36. Qc1 Qf7 37. Ba2 Rb4 38. Ra3 Qb7 39. Bc4 Rb2 40. Ra2 Rb1 41. Qd2 Rg1+ 42. Kxg1 Nf3+ 43. Kg2 Nxd2 44. Rxd2 Qb4 45. Rc2 Qxa4 46. Bd3 Qd4 0-1

[Event "Quebec-ch qual"]
[Site "Montreal"]
[Date "2019.02.03"]
[Round "3.1"]
[White "Zheng, Richard"]
[Black "Beaulieu, Eric"]
[Result "1/2-1/2"]
[WhiteElo "2073"]
[BlackElo "2224"]
[PlyCount "137"]
[EventDate "2019.02.02"]
[EventType "swiss"]
[EventRounds "4"]
[EventCountry "CAN"]
[SourceTitle "EXT 2022"]
[Source "ChessBase"]
[SourceDate "2021.10.06"]
[SourceVersion "1"]
[SourceVersionDate "2021.10.06"]
[SourceQuality "1"]

1. b3 e5 2. Bb2 Nc6 3. e3 Nf6 4. Bb5 Bd6 5. Bxc6 dxc6 6. d3 Qe7 7. e4 Bg4 8. Ne2 0-0-0 9. h3 Bh5 10. f3 Bc5 11. Nbc3 Be3 12. Bc1 Bxc1 13. Qxc1 Nd7 14. Qe3 Qa3 15. Kf2 f6 16. Qc1 Qxc1 17. Raxc1 c5 18. Nd5 Bf7 19. Ne7+ Kb8 20. Nf5 g6 21. Ne3 Be6 22. g4 Rhf8 23. Ng3 Kc8 24. Rcd1 Nb8 25. Rd2 Nc6 26. h4 b5 27. Rhd1 Nb4 28. c3 Nc6 29. Nc2 b4 30. cxb4 cxb4 31. d4 exd4 32. Nxd4 Nxd4 33. Rxd4 c5 34. R4d2 a5 35. Ke3 Kc7 36. Ne2 a4 37. Nf4 Bg8 38. Rxd8 Rxd8 39. Rxd8 Kxd8 40. Nd3 axb3 41. axb3 Bxb3 42. Nxc5 Bd1 43. Nd3 b3 44. Nb2 Bc2 45. f4 h6 46. Kd4 Ke7 47. Kd5 Kd7 48. g5 fxg5 49. fxg5 h5 50. Ke5 Kc6 51. Kd4 Kb5 52. e5 Kc6 53. Nc4 Kd7 54. Kd5 Bf5 55. Nb2 Be6+ 56. Kd4 Kc6 57. Nd3 Kb5 58. Kc3 Bf5 59. Nf4 Bc2 60. Nd5 Kc5 61. e6 Kd6 62. e7 Kd7 63. Kb2 Ke8 64. Kc3 Kf7 65. Kb2 Bd1 66. Nf4 Bc2 67. Nd5 Bd1 68. Nf4 Bc2 69. Nd5 1/2-1/2

[Event "Montreal Noel op"]
[Site "Montreal"]
[Date "2018.12.28"]
[Round "3"]
[White "Beaulieu, Eric"]
[Black "Chiku Ratte, Olivier Kenta"]
[Result "0-1"]
[WhiteElo "2157"]
[BlackElo "2366"]
[PlyCount "132"]
[EventDate "2018.12.26"]
[EventType "swiss"]
[EventRounds "5"]
[EventCountry "CAN"]
[SourceTitle "CBM 188 Extra"]
[Source "ChessBase"]
[SourceDate "2019.02.28"]
[SourceVersion "1"]
[SourceVersionDate "2019.02.28"]
[SourceQuality "1"]

1. d4 f5 2. c4 Nf6 3. Nf3 e6 4. Nc3 Be7 5. g3 0-0 6. Bg2 d6 7. 0-0 Ne4 8. Qc2 Nxc3 9. Qxc3 a5 10. Qc2 Nc6 11. a3 e5 12. d5 Nb8 13. c5 Na6 14. cxd6 cxd6 15. Be3 Bf6 16. Rac1 Bd7 17. b4 b5 18. Qd2 axb4 19. axb4 h6 20. h4 Qe8 21. Rfd1 Qh5 22. Kf1 Kh7 23. Ng1 g5 24. hxg5 hxg5 25. f4 exf4 26. gxf4 Rg8 27. Nf3 Qg4 28. Nxg5+ Bxg5 29. fxg5 f4 30. Bf2 Rxg5 31. Bf3 Qf5 32. e4 Qh3+ 33. Ke2 Bg4 34. Qc3 Qxf3+ 35. Qxf3 Bxf3+ 36. Kxf3 Nxb4 37. Rh1+ Kg6 38. Rc3 Rh5 39. Rxh5 Kxh5 40. Bb6 Ra6 41. Bc7 Kh4 42. Bb8 Kg5 43. Bc7 Na2 44. Rb3 b4 45. Bb8 Kf6 46. Kg4 Ke7 47. Rh3 Kd7 48. Kf5 Kc8 49. Bxd6 Rxd6 50. Ke5 Kc7 51. Kxf4 Kb6 52. Rh8 Nc3 53. Ke5 Rd7 54. Kd4 Kb5 55. Rb8+ Ka4 56. Ra8+ Kb3 57. Ra6 Nb5+ 58. Kc5 Nc3 59. Kd4 Rb7 60. e5 Kc2 61. Rc6 Kd2 62. e6 Ne2+ 63. Kc5 b3 64. e7 b2 65. e8Q b1Q 66. Qe4 Qxe4 0-1

[Event "Montreal Vendredi 09"]
[Site "Montreal"]
[Date "2018.09.14"]
[Round "1"]
[White "Beaulieu, Eric"]
[Black "Chiku Ratte, Olivier Kenta"]
[Result "1/2-1/2"]
[WhiteElo "2274"]
[BlackElo "2418"]
[PlyCount "213"]
[EventDate "2018.09.14"]
[EventType "tourn"]
[EventRounds "3"]
[EventCountry "CAN"]
[SourceTitle "EXT 2022"]
[Source "ChessBase"]
[SourceDate "2021.10.06"]
[SourceVersion "1"]
[SourceVersionDate "2021.10.06"]
[SourceQuality "1"]

1. d4 Nf6 2. c4 g6 3. Nc3 Bg7 4. e4 d6 5. Be2 0-0 6. Nf3 c5 7. d5 e6 8. 0-0 exd5 9. cxd5 Re8 10. Nd2 a6 11. a4 Nbd7 12. Ra3 Ne5 13. Re1 g5 14. Nf1 h6 15. Ng3 Ng6 16. f3 Nf4 17. Bf1 N6h5 18. a5 Nxg3 19. hxg3 Nh5 20. g4 Ng3 21. Be3 Rb8 22. Qd2 b5 23. axb6 Qxb6 24. b3 Nxf1 25. Rxf1 Bd7 26. Rc1 a5 27. Nd1 Qb4 28. Rxa5 Qxb3 29. Ra6 Rb6 30. Rxb6 Qxb6 31. Nc3 Qb4 32. Ne2 Rb8 33. Qxb4 cxb4 34. Bd4 b3 35. Rb1 Rb4 36. Bxg7 Kxg7 37. Rb2 Bb5 38. Ng3 Kf6 39. Kf2 Bd3 40. Ke3 Bc2 41. Nf5 Ke5 42. g3 Bxe4 43. fxe4 Rxe4+ 44. Kf3 Rb4 45. Ne3 Kd4 46. Ke2 Ke4 47. Nc2 Rc4 48. Na1 Kxd5 49. Rxb3 Rxg4 50. Kf3 Rc4 51. Rd3+ Ke5 52. Nb3 d5 53. Nd2 Rc2 54. Ke3 g4 55. Ke2 d4 56. Ra3 Rc3 57. Ra5+ Ke6 58. Ra6+ Kf5 59. Ra5+ Kg6 60. Kf2 Rd3 61. Ne4 Rf3+ 62. Kg2 Rb3 63. Nf2 f5 64. Rd5 h5 65. Rxd4 h4 66. gxh4 Kh5 67. Rf4 Rb5 68. Kg3 Rb3+ 69. Kg2 Rb5 70. Kg3 Ra5 71. Rd4 Re5 72. Rd3 Re1 73. Rd8 Re3+ 74. Kg2 Kxh4 75. Rh8+ Kg5 76. Rg8+ Kf4 77. Nxg4 Rg3+ 78. Kf2 Rh3 79. Nf6 Rh2+ 80. Rg2 Rh6 81. Nd5+ Ke4 82. Nc3+ Kd4 83. Ne2+ Ke4 84. Ng1 f4 85. Nf3 Ra6 86. Nd2+ Kf5 87. Rg8 Ra2 88. Rf8+ Ke5 89. Rd8 Rc2 90. Rd3 Kf5 91. Kf3 Ra2 92. Ne4 Ra5 93. Nf2 Re5 94. Ng4 Re1 95. Rd5+ Ke6 96. Ra5 Rf1+ 97. Nf2 Kf6 98. Kg2 Re1 99. Nh3 Re2+ 100. Kf1 Re3 101. Kg2 Rg3+ 102. Kh2 Rg4 103. Nf2 Rg8 104. Kh3 Rg3+ 105. Kh4 Rg1 106. Ra4 Kf5 107. Ra5+ 1/2-1/2

[Event "Montreal op"]
[Site "Montreal"]
[Date "2018.09.09"]
[Round "5"]
[White "Hirschberg, Valerian"]
[Black "Beaulieu, Eric"]
[Result "1/2-1/2"]
[WhiteElo "2308"]
[BlackElo "2147"]
[PlyCount "76"]
[EventDate "2018.09.07"]
[EventType "swiss"]
[EventRounds "5"]
[EventCountry "CAN"]
[SourceTitle "CBM 186 Extra"]
[Source "ChessBase"]
[SourceDate "2018.08.24"]
[SourceVersion "1"]
[SourceVersionDate "2018.08.24"]
[SourceQuality "1"]

1. Nf3 c5 2. g3 Nc6 3. c4 g6 4. Bg2 Bg7 5. Nc3 e6 6. 0-0 Nge7 7. d4 Nxd4 8. Nxd4 cxd4 9. Nb5 Qb6 10. e3 0-0 11. Nxd4 d5 12. cxd5 Nxd5 13. Nb3 Rd8 14. Qf3 Nb4 15. e4 Nc2 16. Rb1 Bd7 17. Bg5 Rdc8 18. Bf6 e5 19. Bxg7 Kxg7 20. Rfc1 Be6 21. Qd1 Bxb3 22. axb3 Nd4 23. Rc3 Rc5 24. Bf1 Rac8 25. Bc4 Qd6 26. Rbc1 b5 27. Bd5 b4 28. Rxc5 Rxc5 29. Rxc5 Qxc5 30. Kg2 h5 31. h4 a5 32. Qd2 f6 33. Qd3 Qc2 34. Qa6 Qd1 35. Qa7+ Kh6 36. Qc5 Qf3+ 37. Kg1 Qd1+ 38. Kg2 Qf3+ 1/2-1/2

[Event "Quebec op"]
[Site "Quebec"]
[Date "2018.07.24"]
[Round "5"]
[White "Saha, Ananda"]
[Black "Beaulieu, Eric"]
[Result "0-1"]
[WhiteElo "1950"]
[BlackElo "2129"]
[PlyCount "74"]
[EventDate "2018.07.21"]
[EventType "swiss"]
[EventRounds "9"]
[EventCountry "CAN"]
[SourceTitle "CBM 186 Extra"]
[Source "ChessBase"]
[SourceDate "2018.08.24"]
[SourceVersion "1"]
[SourceVersionDate "2018.08.24"]
[SourceQuality "1"]

1. d4 Nf6 2. c4 e6 3. Nc3 Bb4 4. e3 0-0 5. Nge2 d5 6. cxd5 exd5 7. g3 Re8 8. Bg2 c6 9. 0-0 Bf5 10. a3 Bd6 11. b4 a6 12. Re1 Nbd7 13. Nf4 Nb6 14. f3 Bxf4 15. gxf4 Qd7 16. e4 Bh3 17. e5 Nh5 18. Ne2 g6 19. Ng3 Ng7 20. Ra2 Bxg2 21. Rxg2 Qh3 22. Kh1 Nc4 23. Reg1 a5 24. Qd3 axb4 25. axb4 Ra1 26. f5 Rea8 27. e6 fxe6 28. fxg6 h5 29. Qb3 Rf8 30. Qc3 Rb1 31. Qd3 Rxc1 32. Rxc1 h4 33. Nf1 Rxf3 34. Qe2 Qf5 35. Nd2 Nxd2 36. Qxd2 h3 37. Rgg1 Qe4 0-1

[Event "Quebec op"]
[Site "Quebec"]
[Date "2018.07.22"]
[Round "3"]
[White "Zheng, Richard"]
[Black "Beaulieu, Eric"]
[Result "1/2-1/2"]
[WhiteElo "1986"]
[BlackElo "2129"]
[PlyCount "77"]
[EventDate "2018.07.21"]
[EventType "swiss"]
[EventRounds "9"]
[EventCountry "CAN"]
[SourceTitle "CBM 186 Extra"]
[Source "ChessBase"]
[SourceDate "2018.08.24"]
[SourceVersion "1"]
[SourceVersionDate "2018.08.24"]
[SourceQuality "1"]

1. d4 Nf6 2. c4 e6 3. Nc3 Bb4 4. Qc2 0-0 5. Bg5 d5 6. e3 h6 7. Bh4 c5 8. cxd5 cxd4 9. exd4 exd5 10. Bd3 Nc6 11. Nge2 Be7 12. 0-0 Bg4 13. f3 Be6 14. Bf2 Nb4 15. Qd2 Nxd3 16. Qxd3 Qd7 17. Nf4 Bf5 18. Qd2 Rac8 19. Rfe1 Bb4 20. Rac1 g5 21. Nd3 Bxd3 22. Qxd3 Bxc3 23. Rxc3 Rxc3 24. Qxc3 Rc8 25. Qd2 Nh5 26. Be3 Ng7 27. Rc1 Ne6 28. h3 Kg7 29. f4 Rxc1+ 30. Qxc1 f6 31. f5 Nd8 32. g4 Nc6 33. Kf2 Qd6 34. Kg2 Qe7 35. Kf2 Nb4 36. Qc3 Nxa2 37. Qb3 Nb4 38. Bd2 Nc6 39. Qxd5 1/2-1/2

[Event "Quebec op"]
[Site "Quebec"]
[Date "2018.07.21"]
[Round "1"]
[White "Beaulieu, Eric"]
[Black "Zhong, Kevin"]
[Result "1/2-1/2"]
[WhiteElo "2129"]
[BlackElo "1925"]
[PlyCount "82"]
[EventDate "2018.07.21"]
[EventType "swiss"]
[EventRounds "9"]
[EventCountry "CAN"]
[SourceTitle "CBM 186 Extra"]
[Source "ChessBase"]
[SourceDate "2018.08.24"]
[SourceVersion "1"]
[SourceVersionDate "2018.08.24"]
[SourceQuality "1"]

1. Nf3 d5 2. c4 d4 3. b4 g6 4. e3 e5 5. exd4 exd4 6. Qe2+ Ne7 7. Qe5 Rg8 8. Qe2 Bg7 9. d3 a5 10. b5 c5 11. Ng5 h6 12. Ne4 b6 13. Qf3 Ra7 14. Bf4 Be6 15. Nbd2 g5 16. Bg3 f5 17. Qh5+ Bf7 18. Nd6+ Qxd6 19. Qxf7+ Kxf7 20. Bxd6 Nd7 21. h4 g4 22. 0-0-0 Be5 23. Bxe5 Nxe5 24. g3 h5 25. Kc2 N7g6 26. Bg2 Re8 27. Rhe1 Rae7 28. Bd5+ Kf6 29. Bg2 Nxd3 30. Rxe7 Nb4+ 31. Kb3 Rxe7 32. Bf1 Ne5 33. Nb1 d3 34. a3 Nc2 35. Bxd3 Nxd3 36. Rxd3 Nd4+ 37. Kb2 Re2+ 38. Rd2 Ke5 39. Kc3 Re1 40. Kb2 Re2 41. Kc3 Re1 1/2-1/2

[Event "Laval op"]
[Site "Laval"]
[Date "2018.06.24"]
[Round "5"]
[White "Chiku Ratte, Olivier Kenta"]
[Black "Beaulieu, Eric"]
[Result "1-0"]
[WhiteElo "2264"]
[BlackElo "2125"]
[PlyCount "67"]
[EventDate "2018.06.22"]
[EventType "swiss"]
[EventRounds "5"]
[EventCountry "CAN"]
[SourceTitle "CBM 185 Extra"]
[Source "ChessBase"]
[SourceDate "2018.07.29"]
[SourceVersion "1"]
[SourceVersionDate "2018.07.29"]
[SourceQuality "1"]

1. d4 Nf6 2. c4 e6 3. Nc3 d5 4. cxd5 exd5 5. Bg5 Be7 6. e3 Nbd7 7. Bd3 c6 8. Nge2 h6 9. Bh4 Nh5 10. Bxe7 Qxe7 11. 0-0 Nb6 12. Qd2 0-0 13. Rae1 Re8 14. Nc1 Nf6 15. f3 Be6 16. Nb3 Rad8 17. Qf2 Nfd7 18. Kh1 c5 19. Bb1 cxd4 20. exd4 Rc8 21. f4 f5 22. Bxf5 Qf7 23. Bd3 Bf5 24. Be2 Nf6 25. Nc5 Nc4 26. Nb5 Rxc5 27. dxc5 Ne4 28. Qd4 Ncd2 29. Nd6 Nxd6 30. Qxd2 Ne4 31. Qd4 Rd8 32. g4 Bd7 33. Bf3 Bc6 34. Bxe4 1-0

[Event "Laval op"]
[Site "Laval"]
[Date "2018.06.23"]
[Round "2"]
[White "Joanis, Marc Andre"]
[Black "Beaulieu, Eric"]
[Result "0-1"]
[WhiteElo "1783"]
[BlackElo "2125"]
[PlyCount "70"]
[EventDate "2018.06.22"]
[EventType "swiss"]
[EventRounds "5"]
[EventCountry "CAN"]
[SourceTitle "CBM 185 Extra"]
[Source "ChessBase"]
[SourceDate "2018.07.29"]
[SourceVersion "1"]
[SourceVersionDate "2018.07.29"]
[SourceQuality "1"]

1. Nf3 Nf6 2. c4 c5 3. g3 Nc6 4. Bg2 d5 5. cxd5 Nxd5 6. d4 cxd4 7. Nxd4 Ndb4 8. Nxc6 Qxd1+ 9. Kxd1 Nxc6 10. Bxc6+ bxc6 11. Be3 e5 12. Nd2 Be6 13. Nb3 a5 14. Nc5 Bd5 15. f3 Rb8 16. Kc1 Rb5 17. Na4 Rb4 18. b3 Be7 19. Bd2 Rb7 20. e4 Be6 21. Bc3 f6 22. Bxa5 Kf7 23. Rd1 Ra8 24. Bc3 c5 25. Kc2 c4 26. Rdb1 h5 27. Be1 g6 28. Bf2 cxb3+ 29. axb3 Rc8+ 30. Kd2 Bxb3 31. Nb6 Bb4+ 32. Ke2 Rc2+ 33. Kf1 Rxf2+ 34. Kg1 Bc5 35. Rxb3 Ra2+ 0-1

[Event "Montreal Mercredi 04"]
[Site "Montreal"]
[Date "2018.04.04"]
[Round "1"]
[White "Beaulieu, Eric"]
[Black "Zheng, Richard"]
[Result "1-0"]
[WhiteElo "2243"]
[BlackElo "2094"]
[PlyCount "139"]
[EventDate "2018.04.04"]
[EventType "swiss"]
[EventRounds "5"]
[EventCountry "CAN"]
[SourceTitle "EXT 2022"]
[Source "ChessBase"]
[SourceDate "2021.10.06"]
[SourceVersion "1"]
[SourceVersionDate "2021.10.06"]
[SourceQuality "1"]

1. d4 d5 2. c4 e6 3. Nf3 c6 4. e3 f5 5. Bd3 Nf6 6. 0-0 Bd6 7. b3 0-0 8. Nc3 Ne4 9. Ne2 Nd7 10. Bb2 b6 11. Ne5 Bb7 12. Nf4 Qe7 13. f3 Ng5 14. Rc1 Nf7 15. Nxd7 Qxd7 16. Qc2 g6 17. Qd2 e5 18. dxe5 Bxe5 19. cxd5 cxd5 20. Bxe5 Nxe5 21. Be2 Rfd8 22. Rfd1 Qe7 23. Rc2 Rd6 24. Bf1 Rad8 25. Qf2 Qd7 26. Rcd2 Bc6 27. a4 h6 28. Qg3 Kh7 29. h4 Qe7 30. Kf2 a5 31. Rd4 Qf6 32. Bd3 Rg8 33. Bb1 Rgd8 34. Qh3 Qf7 35. h5 Rf8 36. hxg6+ Nxg6 37. Nxg6 Qxg6 38. g4 Bd7 39. Rxd5 Rxd5 40. Rxd5 Qc6 41. Rd4 Bc8 42. gxf5 Rf6 43. Rc4 Qd7 44. Ke2 Ba6 45. Qh4 Bxc4+ 46. Qxc4 Qd6 47. f4 Qc6 48. e4 h5 49. Kf3 Qxc4 50. bxc4 Kg7 51. e5 Rh6 52. f6+ Kf7 53. c5 bxc5 54. Ba2+ Kf8 55. Ke4 h4 56. Kf5 h3 57. Bd5 h2 58. Bh1 Rh7 59. e6 c4 60. e7+ Rxe7 61. fxe7+ Kxe7 62. Ke4 Kd6 63. Kd4 Ke6 64. Kxc4 Kf5 65. Kb5 Kxf4 66. Kxa5 Ke3 67. Kb6 Kf2 68. a5 Kg1 69. Bd5 h1R 70. Bxh1 1-0

[Event "Trois-Rivieres op"]
[Site "Trois Rivieres"]
[Date "2018.03.16"]
[Round "1.9"]
[White "Xu, Daniel"]
[Black "Beaulieu, Eric"]
[Result "1-0"]
[WhiteElo "2006"]
[BlackElo "2307"]
[PlyCount "49"]
[EventDate "2018.03.16"]
[EventType "swiss"]
[EventRounds "5"]
[EventCountry "CAN"]
[SourceTitle "EXT 2022"]
[Source "ChessBase"]
[SourceDate "2021.10.06"]
[SourceVersion "1"]
[SourceVersionDate "2021.10.06"]
[SourceQuality "1"]

1. d4 d5 2. Nf3 Nf6 3. c4 e6 4. Bg5 Be7 5. e3 0-0 6. Nc3 h6 7. Bh4 b6 8. Bd3 Bb7 9. 0-0 Nbd7 10. Qe2 c5 11. cxd5 exd5 12. Rac1 c4 13. Bb1 a6 14. Qc2 b5 15. Ne5 Nxe5 16. dxe5 Ne4 17. Bxe7 Qxe7 18. f3 Qxe5 19. fxe4 dxe4 20. Nxe4 f5 21. Qc3 Qd5 22. Rcd1 b4 23. Qxb4 Qc6 24. Rd6 Qc7 25. Ng3 1-0

[Event "CAN-ch"]
[Site "Montreal"]
[Date "2017.06.28"]
[Round "4"]
[White "Beaulieu, Eric"]
[Black "Duong, Thanh Nha"]
[Result "1/2-1/2"]
[WhiteElo "2124"]
[BlackElo "2157"]
[PlyCount "133"]
[EventDate "2017.06.27"]
[EventType "swiss"]
[EventRounds "9"]
[EventCountry "CAN"]
[SourceTitle "CBM 179 Extra"]
[Source "ChessBase"]
[SourceDate "2017.08.23"]
[SourceVersion "1"]
[SourceVersionDate "2017.08.23"]
[SourceQuality "1"]

1. d4 d6 2. c4 e5 3. Nf3 e4 4. Ng5 f5 5. g3 Nf6 6. Bg2 g6 7. Nc3 Bg7 8. 0-0 0-0 9. Rb1 h6 10. Nh3 g5 11. f4 exf3 12. exf3 a5 13. f4 g4 14. Nf2 h5 15. Re1 h4 16. b3 Nh5 17. Qd3 c6 18. d5 c5 19. Nb5 Na6 20. Bb2 Nc7 21. Bxg7 Kxg7 22. Nxc7 Qxc7 23. Qe3 Qf7 24. gxh4 Qf6 25. Nd3 Rf7 26. Qf2 Kh7 27. Re8 Ng7 28. Re2 Qc3 29. Re3 Qd4 30. a4 Bd7 31. Rbe1 Raf8 32. Qb2 Qxb2 33. Nxb2 Kg6 34. Nd3 Kh5 35. h3 Kxh4 36. Kf2 Kh5 37. hxg4+ fxg4 38. Rh1+ Kg6 39. Be4+ Bf5 40. Rg1 Kh5 41. Rh1+ Kg6 42. Rh4 Bxe4 43. Rxg4+ Kh5 44. Rg5+ Kh4 45. Rxe4 Rxf4+ 46. Rxf4+ Rxf4+ 47. Nxf4 Kxg5 48. Kf3 Kf5 49. Ke3 Ke5 50. Ng6+ Kf6 51. Nf8 Nf5+ 52. Kd3 Nd4 53. Kc3 Kf7 54. Nd7 Ke7 55. Nb6 Kd8 56. Kb2 Nf3 57. Kc3 Ne5 58. Kc2 Kc7 59. Na8+ Kd8 60. Nb6 Nd7 61. Nxd7 Kxd7 62. Kd3 Ke7 63. Ke4 Kf6 64. Kf4 b6 65. Ke4 Kg5 66. Ke3 Kf5 67. Kf3 1/2-1/2

[Event "Montreal Mercredi 03"]
[Site "Montreal"]
[Date "2017.04.19"]
[Round "4"]
[White "Beaulieu, Eric"]
[Black "Tremblay, Alain"]
[Result "1-0"]
[WhiteElo "2304"]
[BlackElo "2225"]
[PlyCount "57"]
[EventDate "2017.03.29"]
[EventType "swiss"]
[EventRounds "5"]
[EventCountry "CAN"]
[SourceTitle "EXT 2022"]
[Source "ChessBase"]
[SourceDate "2021.10.06"]
[SourceVersion "1"]
[SourceVersionDate "2021.10.06"]
[SourceQuality "1"]

1. d4 e6 2. Nf3 d5 3. c4 c5 4. cxd5 exd5 5. Nc3 Nc6 6. g3 Nf6 7. Bg2 Be7 8. 0-0 0-0 9. Bg5 c4 10. Ne5 Be6 11. Nxc6 bxc6 12. Qc2 h6 13. Bxf6 Bxf6 14. e3 Qa5 15. b3 Rac8 16. bxc4 dxc4 17. Rfc1 Rfd8 18. Qa4 Qxa4 19. Nxa4 c5 20. Nxc5 Rxc5 21. dxc5 Bxa1 22. Rxa1 c3 23. Rc1 c2 24. Bf3 Rd2 25. Kf1 Bxa2 26. Ke1 Rd3 27. Rxc2 Bb3 28. Rb2 a5 29. Be2 1-0

[Event "Montreal Mercredi 03"]
[Site "Montreal"]
[Date "2017.04.05"]
[Round "2"]
[White "Beaulieu, Eric"]
[Black "Rodrigue Lemieux, Shawn"]
[Result "1-0"]
[WhiteElo "2304"]
[BlackElo "2222"]
[PlyCount "81"]
[EventDate "2017.03.29"]
[EventType "swiss"]
[EventRounds "5"]
[EventCountry "CAN"]
[SourceTitle "EXT 2022"]
[Source "ChessBase"]
[SourceDate "2021.10.06"]
[SourceVersion "1"]
[SourceVersionDate "2021.10.06"]
[SourceQuality "1"]

1. d4 d6 2. c4 e5 3. Nf3 Nd7 4. e4 Ne7 5. Nc3 g6 6. h4 h6 7. Be3 Bg7 8. Qd2 Nc6 9. d5 Ne7 10. g4 Nf6 11. g5 Ng4 12. gxh6 Nxh6 13. h5 Ng4 14. h6 Nxe3 15. Qxe3 Ng8 16. hxg7 Rxh1 17. 0-0-0 a6 18. c5 Rh7 19. Bc4 Rxg7 20. Rh1 Bg4 21. Nd2 Qe7 22. f3 Bh5 23. cxd6 cxd6 24. Qb6 Rc8 25. Be2 Qc7 26. Qb4 Rd8 27. Nc4 Nf6 28. Na5 Rd7 29. Kb1 g5 30. Na4 g4 31. Rc1 gxf3 32. Bxf3 Bxf3 33. Rxc7 Bxe4+ 34. Kc1 Rxc7+ 35. Nc3 Rg1+ 36. Kd2 Rg2+ 37. Ke1 Bf5 38. Nxb7 Nxd5 39. Qxd6 Rxb7 40. Nxd5 Bd7 41. Qe7# 1-0

[Event "Montreal Mercredi 03"]
[Site "Montreal"]
[Date "2017.03.29"]
[Round "1"]
[White "Beaulieu, Eric"]
[Black "Ouellet, Maili Jade"]
[Result "1-0"]
[WhiteElo "2304"]
[BlackElo "2229"]
[PlyCount "95"]
[EventDate "2017.03.29"]
[EventType "swiss"]
[EventRounds "5"]
[EventCountry "CAN"]
[SourceTitle "EXT 2022"]
[Source "ChessBase"]
[SourceDate "2021.10.06"]
[SourceVersion "1"]
[SourceVersionDate "2021.10.06"]
[SourceQuality "1"]

1. d4 d5 2. c4 e6 3. Nc3 Be7 4. Bf4 Nf6 5. e3 0-0 6. Nf3 Nbd7 7. cxd5 Nxd5 8. Bg3 Nxc3 9. bxc3 c5 10. Bd3 Qa5 11. 0-0 Qxc3 12. Qb1 f5 13. Rc1 Qa3 14. Bc4 Nb6 15. dxc5 Bxc5 16. Bb3 Bd7 17. Ne5 Rae8 18. Rc3 Bb4 19. Bxe6+ Bxe6 20. Rxa3 Bxa3 21. Qb5 Rd8 22. h3 Rd5 23. Qe2 Rfd8 24. Nf3 Bf7 25. Nd4 Bc5 26. Nb3 Be7 27. Rc1 R8d7 28. Bb8 Ba3 29. Rc2 Rd1+ 30. Kh2 Bxb3 31. axb3 Bd6+ 32. Bxd6 R1xd6 33. Ra2 a6 34. Qh5 g6 35. Qh4 Kg7 36. Qf4 Rd5 37. Rc2 Re7 38. Qb4 Re6 39. Rc7+ Rd7 40. Qd4+ Rf6 41. Rxd7+ Nxd7 42. Qxd7+ Rf7 43. Qd4+ Kg8 44. h4 Re7 45. f3 Kf7 46. Kg3 Rc7 47. Kf4 h6 48. Qh8 1-0

[Event "Trois-Riveres op"]
[Site "Trois Rivieres"]
[Date "2017.03.18"]
[Round "2.4"]
[White "Beaulieu, Eric"]
[Black "Kraiouchkine, Nikita"]
[Result "1-0"]
[WhiteElo "2222"]
[BlackElo "2286"]
[PlyCount "109"]
[EventDate "2017.03.17"]
[EventType "swiss"]
[EventRounds "5"]
[EventCountry "CAN"]
[SourceTitle "EXT 2022"]
[Source "ChessBase"]
[SourceDate "2021.10.06"]
[SourceVersion "1"]
[SourceVersionDate "2021.10.06"]
[SourceQuality "1"]

1. d4 Nf6 2. c4 c6 3. Nc3 d5 4. e3 g6 5. Nf3 Bg7 6. Bd3 0-0 7. 0-0 Bg4 8. h3 Bxf3 9. Qxf3 e6 10. Bd2 Nbd7 11. cxd5 exd5 12. Rfc1 a5 13. Rab1 Qe7 14. Be1 Rfe8 15. Qd1 Ne4 16. Nxe4 dxe4 17. Bf1 Nb6 18. Rc5 a4 19. b4 a3 20. Qb3 Red8 21. Ra5 Rxa5 22. bxa5 Nd7 23. Bb4 c5 24. Bxa3 Qd6 25. Bc4 Qc7 26. Bxf7+ Kh8 27. Qb5 cxd4 28. Be7 Rb8 29. exd4 e3 30. fxe3 Ne5 31. Qc5 Qxc5 32. Bxc5 Nxf7 33. a6 Bh6 34. d5 Nd8 35. Ba7 Ra8 36. axb7 Nxb7 37. Bd4+ Bg7 38. Bxg7+ Kxg7 39. Rxb7+ Kf6 40. Rb2 Ke5 41. Rd2 Kd6 42. Kf2 Ra4 43. Kf3 g5 44. e4 h5 45. Ke3 Ra3+ 46. Kd4 Ra4+ 47. Kd3 Ra3+ 48. Ke2 Ra4 49. e5+ Kxe5 50. d6 Ra8 51. d7 Rd8 52. a4 g4 53. hxg4 hxg4 54. Ke3 g3 55. a5 1-0

[Event "Montreal McGill op"]
[Site "Montreal"]
[Date "2014.05.03"]
[Round "3"]
[White "MacKinnon, Keith"]
[Black "Beaulieu, Eric"]
[Result "0-1"]
[WhiteElo "2297"]
[BlackElo "2201"]
[PlyCount "118"]
[EventDate "2014.05.02"]
[EventType "swiss"]
[EventRounds "5"]
[EventCountry "CAN"]
[SourceTitle "EXT 2015"]
[Source "ChessBase"]
[SourceDate "2014.11.20"]
[SourceVersion "1"]
[SourceVersionDate "2014.11.20"]
[SourceQuality "1"]

1. e4 c5 2. Nf3 e6 3. d4 cxd4 4. Nxd4 a6 5. Nc3 Qc7 6. Be2 b5 7. 0-0 Bb7 8. Bf3 Nc6 9. Nxc6 Bxc6 10. Re1 Bc5 11. Nd5 Qa7 12. Be3 Rc8 13. Qd2 Bxd5 14. exd5 Nf6 15. c3 0-0 16. a4 Qb6 17. axb5 axb5 18. dxe6 fxe6 19. Rad1 Bxe3 20. Qxe3 Qxe3 21. Rxe3 b4 22. cxb4 Rc4 23. Rb3 Rb8 24. b5 d5 25. Be2 Rc7 26. Rc3 Rcb7 27. Rdc1 Ne4 28. Rc8+ Rxc8 29. Rxc8+ Kf7 30. Rc6 Ke7 31. b6 Nd6 32. Ba6 Rb8 33. Rc7+ Kd8 34. Rxg7 Rxb6 35. Bd3 Rxb2 36. Bxh7 Rb7 37. Rg8+ Ke7 38. h4 Kf6 39. Rg6+ Ke5 40. Bg8 Nf7 41. h5 d4 42. Kf1 d3 43. Ke1 Kd4 44. Bxf7 Kc3 45. f4 Rb1+ 46. Kf2 d2 47. Rg3+ Kd4 48. Bg6 d1Q 49. Bxb1 Qxb1 50. Rf3 Ke4 51. h6 Qb2+ 52. Kg1 Qh8 53. Kf1 Qxh6 54. Kg1 Qh4 55. Kf1 Kf5 56. Rh3 Qf6 57. Re3 Kg4 58. Rf3 Qb2 59. Kg1 Qe2 0-1

[Event "Montreal McGill op"]
[Site "Montreal"]
[Date "2014.05.02"]
[Round "1"]
[White "Beaulieu, Eric"]
[Black "Cloutier, Mario"]
[Result "1-0"]
[WhiteElo "2201"]
[BlackElo "2011"]
[PlyCount "75"]
[EventDate "2014.05.02"]
[EventType "swiss"]
[EventRounds "5"]
[EventCountry "CAN"]
[SourceTitle "EXT 2015"]
[Source "ChessBase"]
[SourceDate "2014.11.20"]
[SourceVersion "1"]
[SourceVersionDate "2014.11.20"]
[SourceQuality "1"]

1. d4 Nf6 2. c4 g6 3. g3 Bg7 4. Bg2 d5 5. cxd5 Nxd5 6. Nf3 0-0 7. 0-0 Nc6 8. Nc3 Nb6 9. e3 Be6 10. Nd2 a5 11. Qe2 a4 12. Rb1 Na5 13. Rd1 c6 14. Nde4 Nac4 15. Nc5 Bc8 16. N5xa4 Nxa4 17. Qxc4 Be6 18. Qd3 Nxc3 19. bxc3 Qc8 20. a3 Ba2 21. Rb4 b5 22. Qe4 Bd5 23. Qxe7 Re8 24. Qh4 Bf8 25. Bxd5 Bxb4 26. Bxf7+ Kxf7 27. Qxh7+ Kf6 28. Qh4+ Kg7 29. cxb4 Qe6 30. d5 Qf6 31. Qxf6+ Kxf6 32. Bb2+ Ke7 33. dxc6 Red8 34. Bd4 Rdc8 35. Rc1 Kd6 36. Rc5 Rxc6 37. Rxb5 Rxa3 38. Rg5 1-0